| 000 | 01237njm a22002897a 4500 | ||
|---|---|---|---|
| 005 | 20100901115333.0 | ||
| 006 | a|||||r|||||00| 0 | ||
| 007 | sd ammalaaahaa | ||
| 008 | 100901t xxu||||| |||| 00| 0 eng d | ||
| 028 |
_aECSD 5972 _bHis Master's Voice |
||
| 035 | _aGR-04517 | ||
| 040 |
_aSED _cSED |
||
| 100 |
_aSalma Agha _917891 |
||
| 245 |
_aKasam Paida Karnewale Ki / _cby Salma Agha ; music by Bappy Lahiri ; lyric by Anjaan _h[Sound recording] |
||
| 246 | _aकसम पैदा करनेवाले की / सलमा अघा | ||
| 260 |
_aDUM DUM, India _bHis Master's Voice _c1984 |
||
| 300 |
_a1 Sound disc [Gramophone Recording] : _banalog, 33 1/3 rpm _c12 in. (LP) _fGramophone Record |
||
| 500 | _aBrief record | ||
| 500 | _aRecord Labels : His Master's Voice,Red | ||
| 505 | _aSide-1 डांस डांस (dance dance) (Salma Agha)--Side-2 कसम पैदा करनेवाले की (Kasam paida karnewale ki) (Vijay Benedict) | ||
| 600 | _2Salma Agha | ||
| 650 |
_aClassical songs _xExcerpts _zIndia _917892 |
||
| 700 |
_aLahiri, Bappi _919099 |
||
| 700 |
_aAnjaan _920866 |
||
| 942 |
_2ddc _cGR |
||
| 999 |
_c47294 _d47294 |
||